000 00538nam a2200217 a 4500
999 _c4520
_d4520
001 4520
003 BD-JhCC
005 20171128105249.0
008 171128s1966 a|||| |||| 001 0 eng d
035 _a(BD-JhCC)
040 _aBD-JhCC
_dBD-JhCC
041 _aeng
082 _a910
_bPRE 1966
100 _aD. M. Preece
245 _aFoundtion of Geography /
_cD. M. Preece
260 _aLondon :
_bUniversity Tutorial press,
_c1966
300 _a348 p. :
_bill. ;
_c22cm.
650 _aGeography
942 _2ddc
_cBK